Statistics for Countries that have hosted Wrestling World Championships

Click here to take the quiz!

General Stats

  • This quiz has been taken 29 times
  • The average score is 25 of 37

Answer Stats

ContinentCountry% Correct
North AmericaUnited States of America
97%
EuropeItaly
93%
AsiaJapan
93%
North AmericaCanada
90%
AsiaChina
90%
EuropeGermany
90%
North AmericaMexico
90%
Asia/ EuropeRussia
90%
South AmericaArgentina
83%
EuropeFrance
83%
EuropeSpain
83%
EuropeFinland
79%
EuropePoland
79%
EuropeSweden
79%
EuropeAustria
72%
EuropeSwitzerland
72%
EuropeGreece
69%
AsiaIndia
69%
EuropeNorway
69%
EuropeUkraine
69%
North AmericaCuba
66%
EuropeDenmark
66%
Asia/ EuropeTurkey
66%
EuropeCzech Republic
59%
EuropeHungary
59%
AsiaIran
59%
EuropeRomania
59%
AsiaAzerbaijan
55%
EuropeBulgaria
55%
AfricaEgypt
55%
AsiaArmenia
52%
EuropeBelarus
48%
AsiaGeorgia
48%
AsiaUzbekistan
48%
AsiaKazakhstan
45%
AsiaMongolia
34%
EuropeMacedonia
24%

Score Distribution

Percentile by Number Answered

Percent of People with Each Score

Your Score History

You have not taken this quiz